| 000 | 01115nam a2200277Ia 4500 | ||
|---|---|---|---|
| 003 | OSt | ||
| 005 | 20220923211506.0 | ||
| 006 | a|||||r|||| 00| 0 | ||
| 007 | ta | ||
| 008 | 220922b |||||||| |||| 00| 0 hin d | ||
| 020 |
_a9789352294268 (hbk) _c695 |
||
| 024 | _a348,613 | ||
| 037 |
_bGV791, 21/02/2019, Vani Prakashan _cTextual |
||
| 040 |
_aARTS _cARTS _bhin |
||
| 041 |
_2hin _ahin |
||
| 082 | _aO152,3N505:g, Q6 | ||
| 100 | _aकर्दम, जयप्रकाश, संपा. | ||
| 245 | 0 | _aओमप्रकाश वाल्मीकी* व्यक्ति, विचारक और सृजक | |
| 246 | _aOmaprakāsh vālmīkī: vyakti, vichārak aur sṛujaka | ||
| 260 |
_aनयी दिल्ली _b वाणी प्रकाशन _c2016 |
||
| 300 |
_a360पृ. _ccm. |
||
| 650 |
_a हिन्दी साहित्य _9156264 |
||
| 650 | _aहिन्दी कहानी | ||
| 942 |
_hO152,3N505:g, Q6 _cTEXL _2CC |
||
| 999 |
_c300086 _d300086 |
||